| 000 | 01109cam a2200433 4500500 | ||
|---|---|---|---|
| 005 | 20260329004435.0 | ||
| 041 | _afre | ||
| 042 | _adc | ||
| 100 | 1 | 0 |
_aSorente, Isabelle _eauthor |
| 245 | 0 | 0 | _aPeut-on se mettre à la place des autres ? |
| 260 | _c2019. | ||
| 500 | _a27 | ||
| 690 | _aAdam Smith | ||
| 690 | _aAide | ||
| 690 | _aAnimaux | ||
| 690 | _aAutres | ||
| 690 | _aAutrui | ||
| 690 | _aBarbet Schroeder | ||
| 690 | _aDavid Hume | ||
| 690 | _aDistance | ||
| 690 | _aÉcosse | ||
| 690 | _aÉmotion | ||
| 690 | _aEmpathie | ||
| 690 | _aEngagement | ||
| 690 | _aÉthologie | ||
| 690 | _aFrancis Hutcheson | ||
| 690 | _aFrans de Waal | ||
| 690 | _aMal | ||
| 690 | _aMorale | ||
| 690 | _aNeurones miroir | ||
| 690 | _aNeurosciences | ||
| 690 | _aPaul Bloom | ||
| 690 | _aRacisme | ||
| 690 | _aSinges | ||
| 690 | _aSympathie | ||
| 690 | _aVittorio Gallese | ||
| 786 | 0 | _nPhilosophie magazine | 135 | 12 | 2019-12-01 | p. 17-17 | 1951-1787 | |
| 856 | 4 | 1 | _uhttps://shs.cairn.info/magazine-philosophie-magazine-2019-12-page-17?lang=fr&redirect-ssocas=7080 |
| 999 |
_c1833860 _d1833860 |
||